Music Quiz

Random Music or Rock Quiz

KISS by decade Quiz Stats

Quiz not verified by Sporcle

Challenge
Share
Tweet
Embed
Score 0/223 Timer 20:00
0 Plays Today
% Correct
70s
84.8%
80s
82.6%
70s
82.6%
70s
82.6%
70s
82.6%
80s
80.4%
80s
80.4%
70s
80.4%
70s
80.4%
70s
80.4%
70s
80.4%
70s
80.4%
70s
80.4%
70s
80.4%
70s
80.4%
70s
80.4%
70s
80.4%
70s
80.4%
70s
80.4%
70s
80.4%
70s
80.4%
70s
80.4%
90s
78.3%
90s
78.3%
80s
78.3%
80s
78.3%
80s
78.3%
80s
78.3%
80s
78.3%
70s
78.3%
70s
78.3%
70s
78.3%
70s
78.3%
70s
78.3%
70s
78.3%
70s
78.3%
70s
78.3%
70s
78.3%
70s
78.3%
70s
78.3%
80s
76.1%
80s
76.1%
80s
76.1%
80s
76.1%
70s
76.1%
70s
76.1%
70s
76.1%
70s
76.1%
70s
76.1%
70s
76.1%
70s
76.1%
70s
76.1%
90s
73.9%
80s
73.9%
80s
73.9%
80s
73.9%
80s
73.9%
80s
73.9%
80s
73.9%
80s
73.9%
80s
73.9%
80s
73.9%
80s
73.9%
80s
73.9%
80s
73.9%
70s
73.9%
70s
73.9%
70s
73.9%
70s
73.9%
70s
73.9%
70s
73.9%
70s
73.9%
70s
73.9%
70s
73.9%
70s
73.9%
% Correct
90s
71.7%
90s
71.7%
90s
71.7%
90s
71.7%
90s
71.7%
80s
71.7%
80s
71.7%
80s
71.7%
80s
71.7%
80s
71.7%
80s
71.7%
80s
71.7%
80s
71.7%
80s
71.7%
80s
71.7%
80s
71.7%
70s
71.7%
70s
71.7%
70s
71.7%
70s
71.7%
70s
71.7%
70s
71.7%
90s
69.6%
90s
69.6%
80s
69.6%
80s
69.6%
80s
69.6%
80s
69.6%
80s
69.6%
80s
69.6%
80s
69.6%
70s
69.6%
70s
69.6%
70s
69.6%
70s
69.6%
70s
69.6%
90s
67.4%
90s
67.4%
90s
67.4%
90s
67.4%
80s
67.4%
80s
67.4%
80s
67.4%
80s
67.4%
80s
67.4%
80s
67.4%
80s
67.4%
80s
67.4%
80s
67.4%
80s
67.4%
80s
67.4%
80s
67.4%
70s
67.4%
70s
67.4%
70s
67.4%
70s
67.4%
70s
67.4%
70s
67.4%
70s
67.4%
70s
67.4%
70s
67.4%
90s
65.2%
90s
65.2%
90s
65.2%
90s
65.2%
90s
65.2%
80s
65.2%
80s
65.2%
80s
65.2%
80s
65.2%
80s
65.2%
80s
65.2%
80s
65.2%
80s
65.2%
80s
65.2%
% Correct
80s
65.2%
80s
65.2%
80s
65.2%
80s
65.2%
80s
65.2%
70s
65.2%
90s
63%
90s
63%
90s
63%
90s
63%
80s
63%
80s
63%
80s
63%
80s
63%
80s
63%
80s
63%
80s
63%
80s
63%
80s
63%
70s
63%
00s
60.9%
90s
60.9%
90s
60.9%
80s
60.9%
80s
60.9%
80s
60.9%
70s
60.9%
10s
58.7%
00s
58.7%
90s
58.7%
90s
58.7%
80s
58.7%
80s
58.7%
80s
58.7%
80s
58.7%
80s
58.7%
00s
56.5%
00s
56.5%
00s
56.5%
80s
56.5%
80s
56.5%
70s
56.5%
90s
54.3%
80s
54.3%
80s
54.3%
10s
52.2%
90s
52.2%
90s
52.2%
80s
52.2%
10s
50%
10s
50%
00s
50%
00s
50%
00s
50%
90s
50%
90s
50%
90s
50%
70s
50%
10s
47.8%
10s
47.8%
10s
47.8%
00s
47.8%
00s
47.8%
90s
47.8%
90s
47.8%
80s
47.8%
10s
45.7%
10s
45.7%
10s
45.7%
10s
45.7%
10s
45.7%
10s
43.5%
00s
43.5%

You're not logged in!

Compare scores with friends on all Sporcle quizzes.
Join for Free
OR
Log In

You Might Also Like...

Show Comments

Extras

Top Quizzes Today


Score Distribution

Your Account Isn't Verified!

In order to create a playlist on Sporcle, you need to verify the email address you used during registration. Go to your Sporcle Settings to finish the process.

Report this User

Report this user for behavior that violates our Community Guidelines.

Details: